Click the Ireland Cities - Statistics

General Stats
  • This quiz has been taken 175 times
  • The average score is 11 of 12
Answers on the Grid
Answers color-coded by a green-red scale on the quiz's grid according to % correct below.
Dublin
London
Waterford
Moscow
Seattle
Cork
Perth
Galway
Limerick
Wellington
Lima
Kilkenny
Tokyo
Denver
Cobh
Kinsale
Warsaw
Paris
Wexford
Bray
Boston
Chicago
Carlow
Athlone
 
Answer Stats
Answer % Correct
Dublin
100%
Cork
94%
Galway
93%
Limerick
93%
Waterford
92%
Kilkenny
91%
Cobh
90%
Bray
89%
Carlow
89%
Kinsale
89%
Athlone
88%
Wexford
87%
No matching quizzes found
Score Distribution
Percent of People with Each Score
Percentile by Number Answered
Your Score History
You have not taken this quiz